İşgücü piyasası özel ihtisas komisyonu raporu (Record no. 129)

MARC details
000 -BAŞLIK
Sabit Uzunlukta Kontrol Alanı 01037na a2200325 4500
001 - KONTROL NUMARASI
Denetim Alanı 17978
003 - KONTROL NUMARASI IDENTIFIER
Denetim Alanı MIRAKIL
005 - SON İŞLEM TARİHİ VE ZAMANI
Denetim Alanı 20181213154734.0
008 - SABİT-BOY VERİ ELEMANLARI - GENEL BİLGİLER
Sabit Uzunlukta Kontrol Alanı 161109b tu 000 0
020 ## - ULUSLARARASI STANDART KİTAP NUMARASI
Uluslararası Standart Kitap Numarası 9789751940117
040 ## - KATALOGLAMA KAYNAK
Orijinal Kataloglama Ajansı Milas
Kataloglama Dili tur
Metne Dönüştürmek Ajansı TR-AnCHP
041 ## - DİL KODU
Metin / Ses Parça Veya Ayrı Başlığın Dil Kodu tur
082 ## - DEWEY ONLU SINIFLANDIRMA NUMARASI
Sınıflandırma Numarası 338.9331
Ürün Numarası İ73 2007
090 ## - SINIFLAMA NUMARASI
Sınıflama Numarası 338.9331 İ73 2007
245 ## - BAŞLIK TABLOSU
Başlık İşgücü piyasası özel ihtisas komisyonu raporu
Sorumluluk Tablosu, Vb Devlet Planlama Teşkilatı
246 #0 - UNVAN FORM VARYING
Başlık Doğru / Kısa Başlığı İşgücü piyasası
260 ## - YAYIN, DAĞITIM, VB
Yayın, Dağıtım, Vb Yeri Ankara
Yayıncı, Dağıtıcı, Vs Adı Devlet Planlama Teşkilatı
Yayın, Dağıtım, Vb Tarihi 2007
300 ## - FİZİKSEL TANIM
Kapsam 128 s.
Diğer Fiziksel Ayrıntıları tbl.; res.
Boyutlar 27 sm.
440 ## - SERİSİ TABLOSU / KATMA GİRİŞİ - BAŞLIK
Başlık DPT
Hacim / Ardışık Tanımı 2709
490 ## - SERİSİ TABLOSU
Seri Beyanı ÖİK
Hacim / Ardışık Tanımı 662
500 ## - GENEL NOT
Genel Not Dokuzuncu kalkınma planı 2007-2013
610 ## - KONU KATMA GİRİŞ - TOPLANTI ADI
Giriş Elemanı Olarak Kurumsal Ad Veya Yargı Alanı Adı Devlet Planlama Teşkilatı (DPT)
650 ## - KONU KATMA GİRİŞ - TOPİKAL DÖNEM
Topikal Süreli Veya Coğrafi Ad Giriş Elemanı Kalkınma planları
Kronolojik Alt Bölümü Türkiye
650 ## - KONU KATMA GİRİŞ - TOPİKAL DÖNEM
Topikal Süreli Veya Coğrafi Ad Giriş Elemanı İşgücü
Genel Alt Bölümü Kalkınma planı, 2007
Kronolojik Alt Bölümü Raporlar
710 ## - KATMA GİRİŞ - KURUMSAL ADI
Giriş Elemanı Olarak Kurumsal Ad Veya Yargı Alanı Adı Devlet Planlama Teşkilatı (DPT)
740 ## - KATMA GİRİŞ - KONTROLSUZ İLGİLİ / ANALİTİK BAŞLIK
Kontrol Edilmeyen / İlgili Analitik Başlıktaki İşgücü piyasası
830 ## - SERİSİ EKLENDİ GİRİŞ - ÜNİFORM ADI
Üniforma Başlık Özel İhtisas Komisyonu
830 ## - SERİSİ EKLENDİ GİRİŞ - ÜNİFORM ADI
Üniforma Başlık Devlet Planlama Teşkilatı Yayınları
942 ## - EKLENDİ GİRİŞ ELEMANLARI (KOHA)
Sınıflandırma Veya Raf Düzeni Kaynak Dewey Decimal Classification
Koha Öğesi Türü Books
999 ## - SİSTEM KONTROL NUMARALARI (KOHA)
Koha Biblionumber 129
Koha Biblioitemnumber 129
Holdings
Kalıcı Konum Mevcut Konum Edinme Tarihi Edinim Kaynak Toplam Check-Out'Lar Tam Çağrı Numarası Barkod Tarih Son Görülme İtibaren Geçerli Fiyatlar Koha Öğesi Türü Kopya Sayısı
CHP Kütüphanesi CHP Kütüphanesi 11/09/2016 Bağış   338.9331 İ73 2007 008469 11/09/2016 11/09/2016 Books  
CHP Kütüphanesi CHP Kütüphanesi 11/09/2016 Bağış   338.9331 İ73 2007 008470 11/09/2016 11/09/2016 Books k.2